Welcome to CU Library Online Public Access Catalogue (OPAC)

Concise Law of Government Contracts / (Record no. 826)

MARC details
000 -LEADER
fixed length control field 00570nam a22001577a 4500
005 - DATE AND TIME OF LATEST TRANSACTION
control field 20241107160001.0
008 - FIXED-LENGTH DATA ELEMENTS--GENERAL INFORMATION
fixed length control field 241107b |||||||| |||| 00| 0 eng d
020 ## - INTERNATIONAL STANDARD BOOK NUMBER
International Standard Book Number 8175341331
050 ## - LIBRARY OF CONGRESS CALL NUMBER
Classification number KF849
100 ## - MAIN ENTRY--PERSONAL NAME
Personal name Sujan, M. A
245 ## - TITLE STATEMENT
Title Concise Law of Government Contracts /
Statement of responsibility, etc. M. A. Sujan (Advocate, Supreme Court)
260 ## - PUBLICATION, DISTRIBUTION, ETC.
Place of publication, distribution, etc. Delhi
Name of publisher, distributor, etc. Universal Law Publishing Co. PVT. Ltd
Date of publication, distribution, etc. c1999
300 ## - PHYSICAL DESCRIPTION
Extent viii, 168 pages
Dimensions 24cm
500 ## - GENERAL NOTE
General note Concise law of government contracts with supplement 1999 [for supplement see pages S1 to S16 inserted before page 1]
942 ## - ADDED ENTRY ELEMENTS (KOHA)
Source of classification or shelving scheme Library of Congress Classification
Koha item type Books
Suppress in OPAC No
999 ## -
-- 826
-- 826
Holdings
Withdrawn status Lost status Source of classification or shelving scheme Damaged status Not for loan Collection Home library Current library Shelving location Date acquired Total checkouts Full call number Barcode Date last seen Copy number Price effective from Koha item type
    Library of Congress Classification     Non-fiction Law Library (Christ Temple) Law Library (Christ Temple) General stacks 02/06/2025   KF849 SUJ LLCT00000370 02/06/2025 1 02/06/2025 Books
    Library of Congress Classification     Non-fiction Law Library (Christ Temple) Law Library (Christ Temple) Reference 02/06/2025   KF849 SUJ LLCT00000637 05/12/2025 2 02/06/2025 Books
    Library of Congress Classification     Non-fiction Law Library (Miotso) Law Library (Miotso) General stacks 11/07/2024   KF849 SUJ llm00000700 11/07/2024 1 11/07/2024 Books
    Library of Congress Classification     Non-fiction Law Library (Miotso) Law Library (Miotso) General stacks 11/07/2024   KF849 SUJ llm00000701 11/07/2024 2 11/07/2024 Books
© 2023-2024 Copyright: Central University Libraries. All Rights Reserved | Created by: Mahone Tech Office